000
00284nam a22001337a 4500
008
170505b xxu||||| |||| 00| 0 eng d
020
_a
0195110668
041
_a
eng
080
_a
343.9
100
_a
14
101
_a
SHJ
245
_a
CRIME PUNISHMENT
_c
TONRY.M
942
_2
udc
_c
BK
999
_c
12838
_d
12838